Rutgers Football: Top 10 All-Time Leaders - Statistics

General Stats
  • This quiz has been taken 6 times
  • The average score is 18 of 62
Answer Stats
Category # Player Amount % Correct
Rushing Yards 2 Kyle Monangai 3,222
100%
Rushing Yards 8 Isiah Pacheco 2,472
80%
Passing Yards 7 Athan Kaliakmanis 4,560
60%
Interceptions T7 Malik Jackson 11
60%
Rushing Yards 1 Ray Rice 4,926
60%
Interceptions 4 Bill Austin 13
40%
Receiving Yards 10 Bo Melton 2,011
40%
Rushing Yards 6 Brian Leonard 2,775
40%
Passing Yards 8 Chas Dodd 4,079
40%
Tackles 5 Courtney Greene 386
40%
Passing Yards 2 Gary Nova 9,258
40%
Receiving Yards 1 Kenny Britt 3,043
40%
Tackles 4 Khaseem Greene 387
40%
Receiving Yards 3 Leonte Carroo 2,373
40%
Passing Yards 1 Mike Teel 9,383
40%
Receiving Yards 4 Mohamed Sanu 2,263
40%
Passing Yards 6 Ray Lucas 5,896
40%
Passing Yards 3 Ryan Hart 8,482
40%
Tackles 7 Aaron Brady 354
20%
Receiving Yards 7 Andrew Baker 2,218
20%
Interceptions T5 Bill Houston 12
20%
Interceptions T5 Bob Davis 12
20%
Passing Yards 10 Bret Kosup 3,605
20%
Tackles 3 Brian Sheridan 389
20%
Rushing Yards 5 Bruce Presley 2,792
20%
Rushing Yards 10 Bryant Mitchell 2,286
20%
Receiving Yards 9 Clark Harris 2,015
20%
Sacks 2 Dan Gray 29.0
20%
Sacks T3 Dino Mangiero 26.0
20%
Interceptions T1 Ed Jones 14
20%
Sacks T8 Ed Steward 17.0
20%
Passing Yards 9 Eric Hochberg 3,613
20%
Rushing Yards 7 Glen Kehler 2,480
20%
Rushing Yards 9 Jacki Crooks 2,434
20%
Sacks T3 Jamaal Westerman 26.0
20%
Receiving Yards 8 James Guarantino 2,065
20%
Tackles 2 Jim Dumont 448
20%
Interceptions T9 Jim Hughes 10
20%
Interceptions T9 Jim Testom 10
20%
Rushing Yards 4 J.J. Jennings 2,935
20%
Interceptions T9 John Miller 10
20%
Interceptions T1 John Pollock 14
20%
Tackles 9 Keith Woetzel 323
20%
Receiving Yards 6 Marco Battaglia 2,221
20%
Passing Yards 5 Mike McMahon 6,608
20%
Sacks T8 Mike Pellowski 17.0
20%
Sacks 1 Nate Toran 52.0
20%
Tackles 6 Pat Udovich 363
20%
Sacks 7 Raheem Orr 18.0
20%
Sacks T8 Ramel Meekins 17.0
20%
Interceptions T9 Ron Girault 10
20%
Sacks 6 Ryan Neill 19.0
20%
Interceptions T7 Sam Chapman 11
20%
Passing Yards 4 Scott Erney 7,188
20%
Sacks 5 Shawn Williams 21.0
20%
Tackles 8 Steve Longa 335
20%
Rushing Yards 3 Terrell Willis 3,114
20%
Tackles 10 Tim Blanchard 312
20%
Receiving Yards 5 Tim Brown 2,257
20%
Interceptions T1 Tony Pawlik 14
20%
Receiving Yards 2 Tres Moses 2,522
20%
Tackles 1 Tyronne Stowe 533
20%
No matching quizzes found
Score Distribution
Percent of People with Each Score
Percentile by Number Answered
Your Score History
You have not taken this quiz